| 000 | 00489nam a2200193 a 4500 | ||
|---|---|---|---|
| 001 | 1758343165928 | ||
| 003 | ACL | ||
| 005 | 20250920101134.0 | ||
| 008 | 250920s2006##################000#0#eng## | ||
| 020 | _a9780007248001 | ||
| 082 | 0 | 4 |
_a793.74 _bTIM |
| 100 | 1 |
_aGames, The Times Mind, _eauthor. |
|
| 245 | 1 | 0 | _aThe Times Killer Su Doku 3 : |
| 260 |
_bHarperCollins UK, _c2006. |
||
| 300 | _a258 pages | ||
| 650 | 0 | _aGames & Activities. | |
| 942 | _cENGLISH | ||
| 040 |
_aACL _beng _cACL |
||
| 999 |
_c588171 _d588171 |
||